000 01120nam a22003737a 4500
001 BR2019001526
003 BR-BrBNA
005 20230928105442.0
007 ta
008 230509b bl.||||| |||| 00| 0 por d
020 _a978-85-7035-182-1
040 _aBR-BrBNA
_bpor
_cBiblioteca Nacional de Agricultura
041 _a(Por)
072 _aP32; P35; F07
_b3801
_b3850
090 _ 3801 BR2019001526
100 1 _aFreire, L.R. (ed.)
110 1 _aEmbrapa, Brasília, DF (Brasil)
110 1 _aUniversidade Federal Rural do Rio de Janeiro, RJ (Brasil)
_911244
245 1 _aManual de calagem e adubação do Estado do Rio de Janeiro
250 1 _a1. ed.
260 3 _aBrasília, DF (Brasil):
_c2013.
300 _a430 p.
500 _aBibliography p. 414-421 (87 ref.); 17 illus.; 129 tables
650 _aSOLO
650 _aMATÉRIA ORGÂNICA
650 _aSISTEMA DE CULTIVO
650 _aAGRICULTURA ORGÂNICA
650 _aCALAGEM
650 _aADUBAÇÃO
650 _aFERTILIDADE DO SOLO
650 _aCLASSIFICAÇÃO DO SOLO
909 _a202309
_bLucia
_c55
_dLucia Elande
942 _cBK
999 _c85221
_d85221